Central Library OPAC University of Rajshahi

Modern pharmaceutics / (Record no. 67821)

MARC details
000 -LEADER
fixed length control field 01091nam a2200313 a 4500
001 - CONTROL NUMBER
control field 67821
003 - CONTROL NUMBER IDENTIFIER
rucl marc code BD-RjUL
005 - DATE AND TIME OF LATEST TRANSACTION
control field 20211209081710.0
008 - FIXED-LENGTH DATA ELEMENTS--GENERAL INFORMATION
fixed length control field 170329s1990 nyua b 001 0 eng
020 ## - INTERNATIONAL STANDARD BOOK NUMBER
International Standard Book Number 082477499X
035 ## - SYSTEM CONTROL NUMBER
System control number (BD-RjUL)68030
040 ## - CATALOGING SOURCE
Original cataloging agency DLC
Transcribing agency DLC
Modifying agency DLC
-- BD-RjUL
Language of cataloging eng
041 ## - LANGUAGE CODE
Language code of text/sound track or separate title eng
082 00 - DEWEY DECIMAL CLASSIFICATION NUMBER
Edition number 23
Classification number 615.1
Author mark and year MOD 1990
245 00 - TITLE STATEMENT
Title Modern pharmaceutics /
Statement of responsibility, etc. edited by Gilbert S. Banker and Christopher T. Rhodes.
250 ## - EDITION STATEMENT
Edition statement 2nd ed., rev. and expanded.
260 ## - PUBLICATION, DISTRIBUTION, ETC. (IMPRINT)
Place of publication, distribution, etc. New York, N.Y. :
Name of publisher, distributor, etc. M. Dekker,
Date of publication, distribution, etc. c1990.
300 ## - PHYSICAL DESCRIPTION
Pagination xiv, 888 p. :
Illustrations ill.
Size 25 cm.
504 ## - BIBLIOGRAPHY, ETC. NOTE
Bibliography, etc Includes bibliographical references.
650 #0 - SUBJECT ADDED ENTRY--TOPICAL TERM
Topical term or geographic name as entry element Drugs
General subdivision Dosage forms.
9 (RLIN) 201060
Topical term or geographic name as entry element Biopharmaceutics.
9 (RLIN) 201061
Topical term or geographic name as entry element Pharmacokinetics.
9 (RLIN) 201062
Topical term or geographic name as entry element Pharmaceutical industry
General subdivision Quality control.
9 (RLIN) 201063
700 1# - ADDED ENTRY--PERSONAL NAME
Personal name Banker, Gilbert S.,
Dates associated with a name 1931-
Personal name Rhodes, Christopher T.,
Dates associated with a name 1937-
830 ## - SERIES ADDED ENTRY--UNIFORM TITLE
Uniform title Drugs and the pharmaceutical sciences ;
Volume number/sequential designation v. 42
942 ## - ADDED ENTRY ELEMENTS (KOHA)
Source of classification or shelving scheme Dewey Decimal Classification
Koha item type Books
Holdings
Lost status Source of classification or shelving scheme Damaged status Not for loan Collection code Permanent Location Current Location Shelving location Date acquired Source of acquisition Cost, normal purchase price Total Checkouts Full call number Date last seen Copy number Koha item type
  Dewey Decimal Classification   Not For Loan Non-fiction Central Library, University of Rajshahi Central Library, University of Rajshahi Reading Room 22/04/2006 Dhaka, Paragon Enterprises Ltd. 165.00   615.1 MOD 1990 29/03/2017 C-1 Books